书目信息 |
| 题名: |
世界历史地图集
|
|
| 作者: | 张芝联 , 刘学荣 主编 | |
| 分册: | ||
| 出版信息: | 北京 中国地图出版社 2002 |
|
| 页数: | 175页 | |
| 开本: | 26cm | |
| 丛书名: | ||
| 单 册: | ||
| 中图分类: | K991 | |
| 科图分类: | ||
| 主题词: | 世界地图:历史地图--地图集 | |
| 电子资源: | ||
| ISBN: | 7-5031-2435-0 | |
| 000 | 00617nam0 2200205 45 | |
| 001 | 0404141010 | |
| 005 | 20040414104858.3 | |
| 010 | @a7-5031-2435-0@b精装@dCNY55.00 | |
| 100 | @a20040414d2002 km y0chiy0120 ea | |
| 101 | 0 | @achi |
| 105 | @af z 000yy | |
| 200 | 1 | @a世界历史地图集@AShi Jie Li Shi Di Tu Ji@f张芝联,刘学荣主编@FZhang Zhi Lian,Liu Xue Rong Zhu Bian |
| 210 | @a北京@c中国地图出版社@d2002 | |
| 215 | @a175页@c图@d26cm | |
| 606 | 0 | @a世界地图:历史地图@x地图集 |
| 690 | @aK991@v4 | |
| 701 | 0 | @a张芝联@4主编 |
| 701 | 0 | @a刘学荣@4主编 |
| 801 | @aCN@bTSTC@c20040414 | |
| 905 | @b331147-149@dK991@e43@f3 | |
| 世界历史地图集/张芝联,刘学荣主编.-北京:中国地图出版社,2002 |
| 175页:图;26cm |
| ISBN 7-5031-2435-0(精装):CNY55.00 |
| ● |
| 相关链接 |
|
|
|
|
正题名:世界历史地图集
索取号:K991/43
 
预约/预借
| 序号 | 登录号 | 条形码 | 馆藏地/架位号 | 状态 | 备注 |
| 1 | 0331147 | 203311479 | 第二借阅区/ [索取号:K991/43] | 在馆 | |
| 2 | 0331148 | 203311488 | 工具书阅览室/ [索取号:K991/43] | 在馆 | |
| 3 | 0331149 | 203311497 | 第二样本阅览室/ [索取号:K991/43] | 在馆 |